000 005100000a22001810004500
003 MACL
005 20160309133848.0
008 160309b xxu||||| |||| 00| 0 eng d
040 _aMACL
_cMACL
041 _aHindi
082 _a891.431
100 _aदिनकर रामधारी सिंह
_940733
245 _aहुंकार
260 _bश्री अजन्‍ता प्रेस
_c1955
_aपटना
350 _a2
650 _aPoetry
_944105
942 _cHIN
_k891.433
_2ddc
999 _c23828
_d23828